MDQL
is popping MORE tags! Check the
thread
!
Quizzes
Events
Quiz Creation
Community
Videos
Private Events
Remove Ads
Sign In
Join for FREE
Feedback
Dark Mode
Quiz Categories
Sports
Geography
Music
Movies
Television
Just For Fun
Miscellaneous
History
Literature
Language
Science
Gaming
Entertainment
Religion
Holiday
For Kids
Quiz Lab
Recent
Popular Today
Quiz Kudos Today
Editor Picks
Curator Picks
Quizzes by...
Day
Popularity
Type
Ratings
Length
Year
Community
Subscriptions
Recent Discussions
Orange Saloon
Badges
Playlists
Quests
Create
Leaderboards
Showdown
Live 5
Trivia Bingo
Activity
Puzzle Library
Sporcle Events
Private Events
Virtual Trivia
Globe League
Become a Host
Pub Owners
SporcleCon
Opinionation
Our Games
Videos
Blog
Mobile Apps
Partnerships
Remove Ads and Go Orange
Feedback
Gaming
Video Games
Board Games
Card Games
Pokémon
Mario
Nintendo
Minecraft
Console
Toys
Legend of Zelda
Gaming
Video Games
Board Games
Card Games
Pokémon
Mario
Nintendo
Minecraft
Console
Toys
Legend of Zelda
Random Quiz
Search Sporcle
×
Quiz Lab
Quiz Lab
Gaming
Skylanders
Type in answers that appear in a list
Type in answers that appear in a list
Classic
Best Score? Go Orange.
Skylanders Swap Force Characters Stats
Can you name the Skylanders Swap Force Characters?
By
AleksGamer123
7m
46 Questions
573 Plays
573 Plays
573 Plays
Comments
Comments
Give Quiz Kudos
Give Quiz Kudos
-
- Ratings
hide this ad
Replay
Link that replays current quiz
Next Quiz
Link to next quiz in quiz playlist
You Got
0%
They Got
Avg Score
66%
Avg Friend Score
Upgrade to see
Score Distribution
Jump to the score distribution portion of the page
Score
0/46
Timer
07:00
0
Plays Today
Element
Skylander
% Correct
Water (SF)
Wash Buckler
86.7%
Water
Anchors Away Gill Grunt (S3)
82.7%
Life (SF)
Stink Bomb
80%
Water (SF)
Freeze Blade
79.2%
Fire (TF)
Blast Zone
77.4%
Air (SF)
Free Ranger
75.5%
Magic (SF)
Hoot Loop
75%
Water
Blizzard Chill (S2)
74.8%
Life
Stealth Elf (S3)
74.4%
Undead (SF)
Rattle Shake
74.1%
Tech (SF)
Magna Charge
73.9%
Magic
Mega Ram Spyro (S3)
73.4%
Magic (TF)
Trap Shadow
73%
Undead (SF)
Night Shift
72.7%
Tech (SF)
Spy Rise
72.2%
Fire
Fire Kraken
72.2%
Air (SF)
Boom Jet
72%
Life (SF)
Grilla Drilla
71.6%
Tech
Big Bang Trigger Happy (S3)
71.1%
Earth (TF)
Doom Stone
68.7%
Undead
Twin Blade Chop Chop (S3)
66.9%
Fire
Lava Barf Eruptor (S3)
66.7%
Earth (TF)
Rubble Rouser
66.5%
Element
Skylander
% Correct
Water
Rip Tide
66%
Magic
Super Gulp Pop-Fizz (S2)
65.8%
Tech
Heavy Duty Sprocket (S2)
64.8%
Undead
Phantom Cynder (S3)
63.9%
Air
Horn Blast Whirlwind (S3)
63.6%
Fire
Hot Dog (S2)
62.5%
Water
Punk Shock
61.6%
Life
Zoo Lou
61.6%
Tech
Countdown
61.3%
Earth
Knockout Terrafin (S3)
61.3%
Undead
Roller Brawl
60.9%
Air
Pop Thorn
60.1%
Earth
Prism Break (S3)
59.7%
Life
Bumble-Blast
59.4%
Fire
Fryno
58.1%
Tech
Wind Up
58%
Air
Scratch
57.1%
Magic
Star Strike
56.7%
Earth
Slobber Tooth
56.2%
Undead
Grim Creeper
56%
Magic
Dune Bug
56%
Fire
Smolderdash
55.7%
Earth
Scorp
53.9%
Quiz Playlist
Details
Report
Send in Message
Add To Playlist
Classic:
Type in answers that appear in a list
Last Updated: Aug 19, 2018
Quiz Scoreboard
CHALLENGE
Sign Up to Join the Scoreboard
Show All
Scores
Hide
Comments
May contain spoilers
Recently Published
5x2 Blitz: Bands
by SL_Kpop136
Music
30s
Colored Red Africa Blitz
by spor1
Geography
30s
Find the 'City' Movie
by crazypaving
Movies
60s
More to Explore
Quiz From the Vault
Featured Blog Post
14 Easter Pick-up Lines to Find Eggs With
hide this ad
You Might Also Like...
Tags
Skylanders
Today's Top Quizzes in Gaming
Browse Gaming
hide this ad
Top Contributed Quizzes in Gaming
1
Genshin murder mystery
2
Dead By Daylight Logic Puzzle
3
Destiny 2 exotic weapons by perk icons
4
League of Legends Pro Players by Career/Team History
5
Genshin Impact Logic Puzzle
6
Overwatch 2: Ultimate Ability Icons
7
Genshin Impact Logic Puzzle Quiz II
8
Overwatch Logic Puzzle
9
Who's on the WWE 2K24 Cover?
10
5-to-1: Legend of Zelda
Explore More
Trending Topics
Marvel
Crossword
Anime
Harry Potter
NBA
Kpop
Disney
Puzzle
Soccer
Pokémon
WWE
NFL
Song
The Office
Country
hide this ad
More By:
AleksGamer123
Quiz
Plays
Rating
Category
Featured
Created
Apex Legends: Kings Canyon Locations (Clickable)
16,411
5.00
Gaming
Mar 20, 2019
Apex Legends Weapons
13,202
4.60
Gaming
Mar 21, 2019
Apex Legends Characters
7,550
5.00
Gaming
Mar 20, 2019
Apex Legends: Olympus Locations (Clickable)
3,865
5.00
Gaming
Sep 13, 2021
PUBG: Erangel Locations
2,632
5.00
Gaming
Mar 25, 2019
Go to Creator's Profile
Score Distribution
Quiz Creator Spotlight
AleksGamer123
Follow
Send a Message
Quizzes Created
-
Created Quiz Play Count
-
More By This Creator
Popular Quizzes Today
1
Colored Red Africa Blitz
2
Find the 'City' Movie
3
Find the US States - No Outlines Minefield
4
5x2 Blitz: Bands
5
The Countries of the World
6
Find the US States
7
Find the Countries of Europe - No Outlines Minefield
8
US States
More Gaming Quizzes
Logic: Chessmen VI
Quiz Lab
Trending Quizzes
Colored Red Europe Blitz I
Colored Red Europe Blitz II
Colored Red Africa Blitz II
Colored Red Europe Blitz III
Colored Red Africa Blitz III
Recently Updated
How Do You Spell That?
pecheneg
Godzilla Movies
pecheneg
Grab Bag: 4-10 Letters
pecheneg
2024 March Madness Bracket
pecheneg
Famous TV Couples
Peacemaker
Champions League XIs: Real Madrid
pecheneg
Largest US Cities 1790-2010
pecheneg
Rides in Walt Disney World
pecheneg
Most Oscar Losses (Acting)
pecheneg
Beyoncé Albums
pecheneg
Trending Topics
Harry Potter
Crossword
Disney
Anime
NBA
Marvel
Kpop
WWE
NFL
The Office
Song
Soccer
Country
Puzzle
Pokémon
Your Account Isn't Verified!
In order to create a playlist on Sporcle, you need to verify the email address you used during registration. Go to your
Sporcle Settings
to finish the process.
Report this User
Report this user for behavior that violates our
Community Guidelines
.
Details:
Send Report
Go to the Sporcle.com Mobile Site →
Comments